| 000 | 01349 a2200241 4500 | ||
|---|---|---|---|
| 999 |
_c11225 _d11225 |
||
| 020 | _a9780803626065 (pbk.) | ||
| 050 | 0 | 0 |
_aRT89 _bGRO 2000 |
| 100 | 1 |
_aGrossman, Sheila. _eauthor |
|
| 245 | 1 | 4 |
_aThe new leadership challenge : _bcreating the future of nursing / _cSheila C. Grossman, Theresa M. "Terry" Valiga. |
| 250 | _afourth edition | ||
| 264 |
_aPhiladelphia: _bF.A.Davis Company _c2000 |
||
| 300 |
_axxi, 261 pages _billustrations |
||
| 336 |
_2rdacontent _atext _btxt |
||
| 337 |
_2rdamedia _aunmediated _bn |
||
| 338 |
_2rdacarrier _avolume _bnc |
||
| 504 | _aIncludes bibliographical references and index. | ||
| 505 | 0 | _aThe nature of leadership : distinguishing leadership from management -- The new world and new leadership : changing our thinking about leadership -- Followership and empowerment -- Leadership as an integral component of a professional role -- Vision and creativity -- Gender perspectives in leadership -- Disequilibrium and chaos : challenging, invigorating, and growth producing -- Shaping a preferred future for nursing -- Developing as a leader throughout one's career -- Leadership, excellence, and creating the future of nursing. | |
| 650 | 1 | 2 | _aNursing, Supervisory. |
| 650 | 2 | 2 | _aLeadership. |
| 650 | 2 | 2 | _aNurse Administrators. |
| 700 | 1 |
_aValiga, Theresa M. _eauthor |
|
| 942 |
_2lcc _cBK _efourth _h89 _iGRO _kRT |
||